ბათუმის შოთა რუსთაველის სახელმწიფო უნივერსიტეტის ბიბლიოთეკა

ჰისტოლოგია. (ბიბ.ჩანაწერი № 53174)

000 -LEADER
fixed length control field 00843nam a2200229Ia 4500
001 - CONTROL NUMBER
control field 20213
003 - CONTROL NUMBER IDENTIFIER
control field GE_BSU
008 - FIXED-LENGTH DATA ELEMENTS--GENERAL INFORMATION
fixed length control field 181216s||||||||xx |||||||||||||| ||und||
040 ## - CATALOGING SOURCE
Transcribing agency GE_BSU
080 ## - UNIVERSAL DECIMAL CLASSIFICATION NUMBER
Universal Decimal Classification number 611.013(075.8)
100 ## - MAIN ENTRY--PERSONAL NAME
Personal name ელისეევი ვ.გ. (რედაქტორი)
245 ## - TITLE STATEMENT
Title ჰისტოლოგია.
245 ## - TITLE STATEMENT
Statement of responsibility, etc. რედ. ელისეევი ვ.გ. აფანასიევა ი.ვ. კოპაევი ი.ნ. იურინა ნ. ა. თარგმანი რუსული გამოცემიდან
260 ## - PUBLICATION, DISTRIBUTION, ETC.
Place of publication, distribution, etc. თბილისი
260 ## - PUBLICATION, DISTRIBUTION, ETC.
Name of publisher, distributor, etc. განათლება
260 ## - PUBLICATION, DISTRIBUTION, ETC.
Date of publication, distribution, etc. 1977
300 ## - PHYSICAL DESCRIPTION
Extent 694გვ. 25სმ.
653 ## - INDEX TERM--UNCONTROLLED
Uncontrolled term ქსეროქსი
653 ## - INDEX TERM--UNCONTROLLED
Uncontrolled term ჰისტოლოგია
942 ## - ADDED ENTRY ELEMENTS (KOHA)
Koha item type წიგნი
ეგზემპლარები
Withdrawn status Lost status Damaged status Not for loan Date acquired Barcode Date last seen Price effective from Koha item type Public note
        2018-12-17 00458/1 2018-12-17 2018-12-17 წიგნი ქსეროქსი
        2018-12-17 00458/2 2018-12-17 2018-12-17 წიგნი ქსეროქსი
        2018-12-17 00458/3 2018-12-17 2018-12-17 წიგნი ქსეროქსი